000 00448nam a22001697a 4500
003 NUST - PNEC
005 20170116181008.0
008 150912b xxu||||| |||| 00| 0 eng d
020 _a0078812178
040 _cLIBRARY
082 _a005.265 MUR
100 _99962
_aMurray, William H.
245 _a80386/80286 Assembly language programming
_cWilliam H. Murray
260 _cc.1986
650 _99689
_aAssembly Language
_xMIS
942 _2ddc
_cBK
999 _c66973
_d66973